000 00882nam a22002531u 4500
001 05470
003 HDC
007 cr bn ---aaaaa
008 210120p2015 | d 00 engg
040 _aHDC
100 _aNonthakaew, A.
_eauthor
_95713
245 0 _aCaffeine in foods and its antimicrobial activity / by
_cA. Nonthakaew
260 _aSerdang, Selangor :
_bFaculty of Food Science & Technology, UPM,
_c2015
300 _a 1 online resource (6 pages)
336 _atext
_2rdacontent
337 _acomputer
_2rdamedia
338 _aonline resource
_2rdacarrier
650 _aantimicrobial activity
_95714
650 _aCaffeine
_95715
856 _zRequest full-text at [email protected]
942 _2lcc
942 _cAR
942 _kJART 001397
999 _c2794
_d2794